| 000 | 00585nam a2200205 a 4500 | ||
|---|---|---|---|
| 005 | 20220915063757.0 | ||
| 008 | 991125s1982 es 000 0 spa u | ||
| 020 | _a8424403711 | ||
| 035 | _aUPN01000055536 | ||
| 049 | _aCG | ||
| 050 | 4 |
_aPN3157 _bB3.88 1982 |
|
| 100 | 1 | _aBartolucci, Giuseppe | |
| 245 | 1 | 3 |
_aEl teatro de los niños / _cGiuseppe Bartolocci ; tr. Roser Berdagué. |
| 250 | _a2a ed. | ||
| 260 |
_aBarcelona [Esp.] : _bFontanella, _c1982. |
||
| 300 | _a348 p. | ||
| 440 | 0 |
_aEducación-sociedad ; _v25 |
|
| 650 | 7 |
_aTeatro escolar infantil _2 _96353 |
|
| 905 | _aLibro | ||
| 999 |
_c55536 _d55536 |
||